| 000 | 01098cam a2200313 a 4500 | ||
|---|---|---|---|
| 008 | |||
| 020 | _a9780128005729 (hardback) | ||
| 040 |
_aNUST _cNUST |
||
| 049 | _aMAIN | ||
| 090 |
_aTK1010 _bMAN |
||
| 100 | 1 |
_aMondal, Debasish., _aauthor. |
|
| 245 | 1 | 0 |
_aPower System Small Signal Stability Analysis and Control _c Debasish Mondal, Abhijit Chakrabarti and Aparajita Sengupta. |
| 264 | 1 |
_aUSA : _bAcademic Press, _c2014 |
|
| 300 |
_axvii, 328 pages : _billustrations ; _c25 cm |
||
| 336 |
_atext _btxt _2rdacontent |
||
| 337 |
_acomputer _bc _2rdamedia |
||
| 338 |
_aonline resource _bcr _2rdacarrier |
||
| 500 | _aIncludes index. | ||
| 655 | 7 | _aElectric power system stability. | |
| 650 |
_aElectric power systems _xControl. |
||
| 650 | _aElectric power systems. | ||
| 650 |
_aElectric power system stability _xMathematical models. |
||
| 700 |
_aChakrabarti, Abhijit., _aauthor. |
||
| 700 |
_aSengupta, Aparajita., _aauthor. |
||
| 907 |
_a.b10400461 _b22-07-21 _c31-03-21 |
||
| 003 | |||
| 005 | 20230123141149.0 | ||
| 942 |
_cBOOKS _kTK1010 _mMAN |
||
| 999 |
_c168758 _d168758 |
||